[Event "Casabermeja op"]
[Site "Casabermeja"]
[Date "2021.09.10"]
[Round "3"]
[White "Macias Aguilar, Antonio Jesus"]
[Black "Maldonado Mena, German"]
[Result "0-1"]
[WhiteElo "1528"]
[BlackElo "2081"]
[PlyCount "70"]
[EventDate "2021.09.09"]
[EventType "swiss"]
[EventRounds "7"]
[EventCountry "ESP"]
[SourceTitle "CBM 204 Extra"]
[Source "ChessBase"]
[SourceDate "2021.11.30"]
[SourceVersion "1"]
[SourceVersionDate "2021.11.30"]
[SourceQuality "1"]

1. e4 c5 2. Nf3 Nc6 3. c3 Nf6 4. e5 Nd5 5. d4 cxd4 6. cxd4 d6 7. Bc4 Nb6 8. Bb3 g6 9. 0-0 Bg7 10. Re1 dxe5 11. dxe5 Qxd1 12. Bxd1 Nc4 13. Ba4 Bd7 14. Bxc6 Bxc6 15. Nbd2 Nb6 16. Rb1 0-0 17. Nd4 Bd5 18. b3 Rac8 19. N2f3 Nd7 20. Bf4 Nc5 21. Bg3 Rfd8 22. Rbd1 h6 23. h4 Ne4 24. Bf4 Nc3 25. Rd2 Bxf3 26. Nxf3 Rxd2 27. Bxd2 Nxa2 28. Ra1 Rc2 29. Be3 a6 30. Rd1 Rc7 31. Bb6 Rc1 32. Rxc1 Nxc1 33. b4 Nd3 34. Bc5 Nxc5 35. bxc5 a5 0-1

[Event "Andalucia-chB"]
[Site "Algeciras"]
[Date "2018.05.19"]
[Round "4"]
[White "Macias Aguilar, Antonio Jesus"]
[Black "Millan Ortiz, Marta"]
[Result "1/2-1/2"]
[WhiteElo "1606"]
[BlackElo "1480"]
[PlyCount "61"]
[EventDate "2018.05.18"]
[EventType "swiss"]
[EventRounds "6"]
[EventCountry "ESP"]
[SourceTitle "EXT 2020"]
[Source "ChessBase"]
[SourceDate "2019.10.17"]
[SourceVersion "1"]
[SourceVersionDate "2019.10.17"]
[SourceQuality "1"]

1. e4 c5 2. Nf3 d6 3. c3 Nf6 4. e5 dxe5 5. Nxe5 Nbd7 6. d4 e6 7. Bf4 Be7 8. Be2 0-0 9. Bf3 Qb6 10. Qd2 cxd4 11. cxd4 Rd8 12. 0-0 Nf8 13. Rd1 Bd7 14. Nxd7 Rxd7 15. Be3 Nd5 16. a3 Ng6 17. Nc3 Nxe3 18. fxe3 Nh4 19. Be4 Bg5 20. Qf2 Rf8 21. Na4 Qb5 22. Nc5 Rc7 23. b4 b6 24. Bd3 Qc6 25. Ne4 Bd8 26. b5 Qe8 27. Rac1 f5 28. Nd2 Qh5 29. Be2 Qg5 30. Nf3 Nxf3+ 31. Bxf3 1/2-1/2